000
00303pab a2200133 454500
008
180718b1983 xxu||||| |||| 00| 0 eng d
245
_a
Family owned business
260
_c
1983
300
_a
5-80
362
_a
Summer
650
_a
Business - U.S.A.
773
_a
Organisational Dynamics
909
_a
5031
999
_c
5031
_d
5031